Normal view
MARC view
- Economics of Construction in relation to framed strucutures
Entry Topical Term
001 - CONTROL NUMBER
- control field: 4418
003 - CONTROL NUMBER IDENTIFIER
- control field: JO-AjAnu
005 - DATE AND TIME OF LATEST TRANSACTION
- control field: 20230606071025.0
008 - FIXED-LENGTH DATA ELEMENTS
- fixed length control field: 230606|| aca||aabn | a|a d
040 ## - CATALOGING SOURCE
- Original cataloging agency: JO-AjAnu
- Transcribing agency: JO-AjAnu
150 ## - HEADING--TOPICAL TERM
- Topical term or geographic name entry element: Economics of Construction in relation to framed strucutures
670 ## - SOURCE DATA FOUND
- Source citation: Work cat.: (JO-AjAnu)2292: Bow , Robert, author 4417, Economics of Construction in relation to framed strucutures